Perversioni all'Avana /
Sábháilte in:
| Príomhchruthaitheoir: | |
|---|---|
| Rannpháirtithe: | |
| Formáid: | LEABHAR |
| Teanga: | Iodáilis |
| Foilsithe / Cruthaithe: |
Roma :
Edizioni estemporanee,
2009
|
| Eagrán: | 2. ed |
| Sraith: | Azulejos
|
| Clibeanna: |
Níl clibeanna ann, Bí ar an gcéad duine le clib a chur leis an taifead seo!
|
MARC
| LEADER | 00000nam a22000007i 4500 | ||
|---|---|---|---|
| 001 | IT\ICCU\RML\0188529 | ||
| 003 | ItRI | ||
| 005 | 20250420122414.0 | ||
| 008 | 100127s2009 it |||||| ||||| |||||c | ||
| 020 | |a 9788889508398 | ||
| 040 | |b ita |c Arcigay Queer VdA | ||
| 041 | 7 | |a ita |2 ISO-639-2 | |
| 100 | 1 | |a Mejides, Miguel |0 IT\ICCU\TO0V\390686 |4 aut | |
| 245 | 1 | 0 | |a Perversioni all'Avana / |c Miguel Mejides ; a cura di Dario Claudio Bonòmini. |
| 250 | |a 2. ed | ||
| 260 | |a Roma : |b Edizioni estemporanee, |c 2009 | ||
| 300 | |a 173 p. ; |c 20 cm | ||
| 500 | |a Trad. di D. C. Bonòmini. | ||
| 700 | 1 | |a Bonòmini, Dario Claudio |0 IT\ICCU\BVEV\138150 | |
| 830 | 0 | |a Azulejos |0 IT\ICCU\TO0\1440031 | |
| 942 | |2 ddc |c BK | ||
| 952 | |0 0 |1 0 |2 ddc |4 0 |6 863_640000000000000_MEJ_PER |7 1 |9 3943 |a AO |b AO |d 2025-04-20 |l 0 |o 863.64 MEJ PER |p 11153 |r 2025-04-20 12:24:28 |w 2025-04-20 |x Di proprietà di Giulio Gasperini |y BK | ||
| 981 | 1 | |6 z01 |a i |b xxxe | |
| 982 | 1 | |6 z01 |a n | |
| 999 | |c 3068 |d 3068 | ||